Marketing Research: (Record no. 22166)
[ view plain ]
| 000 -LEADER | |
|---|---|
| fixed length control field | 00267nam a22001097a 4500 |
| 020 ## - INTERNATIONAL STANDARD BOOK NUMBER | |
| ISBN | 978-0-19-567696-9 |
| 082 ## - DEWEY DECIMAL CLASSIFICATION NUMBER | |
| Classification number | 658.83 |
| 100 ## - MAIN ENTRY--AUTHOR NAME | |
| Personal name | Easwaran, Sunada |
| 245 ## - TITLE STATEMENT | |
| Title | Marketing Research: |
| Sub Title | Concepts, Practices, and Cases |
| 700 ## - ADDED ENTRY--PERSONAL NAME | |
| Personal name | Singh, Sharmila J. |
| 942 ## - ADDED ENTRY ELEMENTS (KOHA) | |
| Koha item type | Books |
| Withdrawn status | Lost status | Damaged status | Not for loan | Collection code | Permanent Location | Current Location | Shelving location | Date acquired | Source of acquisition | Full call number | Accession Number | Price effective from | Koha item type |
|---|---|---|---|---|---|---|---|---|---|---|---|---|---|
| Non-fiction | IFM Main Campus Library | IFM Main Campus Library | Work Room processing | 01/15/2026 | Purchased | 658.83 EAS | 0000030923 | 01/15/2026 | Books | ||||
| Non-fiction | IFM Main Campus Library | IFM Main Campus Library | Work Room processing | 01/15/2026 | Purchased | 658.83 EAS | 0000030924 | 01/15/2026 | Books | ||||
| Non-fiction | IFM Main Campus Library | IFM Main Campus Library | Work Room processing | 01/15/2026 | Purchased | 658.83 EAS | 0000030925 | 01/15/2026 | Books |
